| 000 | 00532nam a2200133 4500 | ||
|---|---|---|---|
| 999 |
_c14246 _d14246 |
||
| 008 | 190906b ||||| |||| 00| 0 eng d | ||
| 082 | _aDPer 050 T48 Apr - June 2016, v. 187 n. 12-24 | ||
| 100 |
_939413 _aDias, Elizabeth. |
||
| 245 |
_aTrump's good machine: _bhow the GOP nominee won over a scion of the bible belt- and America's evangelical base/ _cElizabeth Dias. |
||
| 260 |
_aHong Kong: _bTime Asia, _cc2016. |
||
| 300 |
_av187 n22, pages 22-26: _billustrations; _c27 cm. |
||
| 650 |
_aPolitics _xCampaign. _940029 |
||
| 942 |
_2ddc _cPER |
||